00447nam a22001577a 4500003000400000005001700004008004100021020001800062040002900080050002400109100005600133245002400189260005100213300001000264650001500274OSt20250721093157.0250721b |||||||| |||| 00| 0 eng d a0-471-32775-1 cChuka University Library aHF 5635b.B668 2004 aBline, Dennis M., Mary L. Fischer and Ted D. Skekel aAdvanced accounting aRiver street, HobokenbJohn Wiley & Sonsc2004 a644p. aAccounting